Tiere der Alpen - Statistiken

Allgemein
  • Dieses Quiz wurde 106 mal gespielt
  • Das Durchschnittsergebnis liegt bei 10 aus 16
Antwortstatistiken
Bildquiz Antwort % Korrekt
Braunbär
97%
Eurasischer Luchs
93%
Schneehase
89%
Alpenmurmeltier
88%
Steinadler
80%
Hermelin
78%
Auerhuhn
73%
Gämse
66%
Rothirsch
62%
Alpensteinbock
58%
Kreuzotter
57%
Kolkrabe
36%
Bartgeier
33%
Alpensalamander
28%
Alpenbock
18%
Alpenapollo
6%
Keine übereinstimmenden Quizze gefunden
Verteilung der Resultate
Anzahl Personen mit jedem Resultat
Perzentil nach korrekt beantworteten Fragen
Ihre Resultats-Entwicklung
Sie haben dieses Quiz noch nicht gespielt